Welcome to the Holygrace Academy Library

Please use search bar below to get started

THE SECRET OF THE NAGAS (Record no. 2550)

MARC details
000 -LEADER
fixed length control field 00627nam a22001457a 4500
020 ## - INTERNATIONAL STANDARD BOOK NUMBER
ISBN 978-93-81626-34-4
082 ## - DEWEY DECIMAL CLASSIFICATION NUMBER
Classification number 823
Item number AMI/S
100 ## - MAIN ENTRY--AUTHOR NAME
Personal name AMISH TRIPATHI
245 ## - TITLE STATEMENT
Title THE SECRET OF THE NAGAS
Remainder of title SHIVA TRIOLOGY 2
260 ## - PUBLICATION, DISTRIBUTION, ETC. (IMPRINT)
Place of publication CHENNAI
Name of publisher WESTLAND PUBLICATIONS
Year of publication 2011
300 ## - PHYSICAL DESCRIPTION
Number of Pages 371
520 ## - SUMMARY, ETC.
Summary, etc The story takes place in the imaginary land of Meluha and narrates how the inhabitants of that land are saved from their wars by a nomad named Shiva. It begins from where its predecessor, The Immortals of Meluha, left off, with Shiva trying to save Sati from the invading Naga.
650 ## - SUBJECT ADDED ENTRY--TOPICAL TERM
Topical Term AMISH TRIPATHI
Geographic subdivision INDIA
942 ## - ADDED ENTRY ELEMENTS (KOHA)
Koha item type Books
Holdings
Withdrawn status Lost status Collection code Home library Current library Shelving location Date acquired Source of acquisition Cost, normal purchase price Full call number Accession Number Koha item type
    Fiction Main Library Main Library SHELF-14A -ALPHABETICAL -A--ENGLISH NOVELS & FICTIONS 25/10/2017 purchase 295.00 823 AMI/S 10092 Books
    Fiction Main Library Main Library SHELF-14A -ALPHABETICAL -A--ENGLISH NOVELS & FICTIONS 16/01/2019 purchase 325.00 823 AMI/S 10442 Books